UBT Library

A new vision for staff development / (Record no. 42844)

000 -LEADER
fixed length control field 00733pam a2200241 a 4500
001 - CONTROL NUMBER
control field 3070838
005 - DATE AND TIME OF LATEST TRANSACTION
control field 20180216091122.0
008 - FIXED-LENGTH DATA ELEMENTS--GENERAL INFORMATION
fixed length control field 970508s1997 vau b 000 0 eng
010 ## - LIBRARY OF CONGRESS CONTROL NUMBER
LC control number 97021007
020 ## - INTERNATIONAL STANDARD BOOK NUMBER
International Standard Book Number 0871202832
040 ## - CATALOGING SOURCE
Original cataloging agency DLC
Transcribing agency DLC
Modifying agency DLC
041 ## - LANGUAGE CODE
Language code of text/sound track or separate title eng
043 ## - GEOGRAPHIC AREA CODE
Geographic area code n-us---
080 ## - UNIVERSAL DECIMAL CLASSIFICATION NUMBER
Universal Decimal Classification number 370.711 SPA
082 00 - DEWEY DECIMAL CLASSIFICATION NUMBER
Classification number 370.711 SPA
Edition number 21
100 1# - Rafti
Rafti 47
101 ## - Shkurtesa
Shkurtesa EDU
245 12 - TITLE STATEMENT
Title A new vision for staff development /
Statement of responsibility, etc Dennis Sparks, Stephanie Hirsh.
504 ## - BIBLIOGRAPHY, ETC. NOTE
Bibliography, etc Includes bibliographical references (p. 101).
906 ## - LOCAL DATA ELEMENT F, LDF (RLIN)
a 7
b cbc
c orignew
d 1
e ocip
f 19
g y-gencatlg
942 ## - ADDED ENTRY ELEMENTS (KOHA)
Source of classification or shelving scheme
Item type Books
Holdings
Withdrawn status Lost status Source of classification or shelving scheme Damaged status Not for loan Collection code Permanent location Current location Shelving location Date acquired Total Checkouts Full call number Barcode Date last seen Price effective from Koha item type
          Koleksioni i përgjithshem UBT - Lipjan UBT - Lipjan Koleksioni i përgjithshem 02/16/2018   370.711 SPA 002-2998350 02/16/2018 02/16/2018 Books
UBT Library © 2015-2024. All rights reserved University Education for Business and Technology